000 01422nam a22003131i 4500
003 SA-RiAUC
005 20250226100607.0
008 250226s1989 sy g 000 0 ara c
040 _aJO-IrYU
_bara
_cSA-RiAUC
_erda
043 _af-ua---
_aaw-----
_aa-su---
082 0 4 _a915.604
090 _a915.604
_b ع ب د غ
100 1 _aعبد الغني النابلسي، عبد الغني بن إسماعيل بن عبد الغني،
_d1050-1143 هجري
_eمؤلف.
245 1 2 _aالحقيقة والمجاز في الرحلة إلى بلاد الشام ومصر والحجاز /
_cعبد الغني النابلسي ؛ تحقيق رياض عبد الحميد مراد.
264 1 _aدمشق :
_bدار المعرفة،
_c1989
300 _a484 صفحة؛
_c30 سم
336 _aنص
_btxt
_2rdacontent
_3كتاب
337 _aبدون وسيط
_bn
_2rdamedia
338 _aمجلد
_bnc
_2rdacarrier
500 _aاهداء من فهيم بن شلتوت بتاريخ 9/ 7 /1407هـ
651 7 _aالشرق الأوسط
_xوصف ورحلات
_2aucsh
651 7 _aبلاد الشام
_xوصف ورحلات
_2aucsh
651 7 _aمصر
_xوصف ورحلات
_2aucsh
651 7 _aالحجاز (السعودية)
_xوصف ورحلات
_2aucsh
700 1 _aمراد، رياض عبد الحميد
_eمحقق.
942 _2ddc
_cBOOK
_n0
949 _aSA-JeALM
_d250226
_ueid123
_n1
999 _c6225
_d6225